Market report : focus on the Nordic market :
| Format: | Book |
|---|---|
| Published: |
[S.l]:
[s.n],
2009.
|
| Subjects: |
| LEADER | 00543cam a2200169 7i4500 | ||
|---|---|---|---|
| 001 | 0000024765 | ||
| 005 | 20100712090000.0 | ||
| 090 | 0 | 0 | |a EURO 641.34 |b MAR |
| 245 | 0 | 0 | |a Market report : |b focus on the Nordic market : |b focus on the Nordic market : |b fresh fruit and vegetables December 2009. |
| 260 | 0 | 0 | |a [S.l]: |b [s.n], |c 2009. |
| 300 | # | # | |a 55 p. |
| 650 | 0 | 0 | |a Fruit products -- |x Markets |
| 650 | 0 | 0 | |a Vegetables -- |x Markets |
| 651 | 0 | 0 | |a Norway |
| 651 | 0 | 0 | |a Finland |
| 651 | 0 | 0 | |a Denmark |
| 999 | |a 0000027013 |b Book |c Regions |e Business Information Centre | ||